Movies Quiz

Random Movies or Oscar Quiz

Best Actor Winners - First Names Quiz Stats

 Plays Quiz Updated Mar 5, 2018

Challenge
Share
Tweet
Embed
Score 0/71 Timer 05:00
1 Play Today
First Name % Correct
Al
95.4%
Robert
94.3%
Tom
94.1%
Leonardo
91.8%
John
91.2%
Nicolas
91.2%
Kevin
90.7%
Daniel
90.1%
Sean
90.1%
Jack
89%
Marlon
88.6%
Matthew
88.2%
Jamie
85.8%
Russell
84.9%
Colin
84.5%
Anthony
84%
Gene
84%
Humphrey
83.4%
F. (Fahrid)
83.3%
Michael
83.1%
Richard
82.7%
Jeff
82.5%
James
82.4%
Clark
82.3%
Jon
81.4%
Philip
80.5%
Ben
80.3%
Jeremy
79.7%
Gregory
78.6%
Dustin
77.1%
Sidney
76.5%
Forest
75.6%
Bing
75.5%
Denzel
74.7%
Paul
74.2%
Casey
73.4%
First Name % Correct
Charlton
72.9%
Henry
72.8%
Laurence
72.3%
William
68.4%
George
67.4%
Alec
67%
Eddie
66.8%
Burt
65.6%
Ernest
59.3%
Yul
59%
David
58.2%
Adrien
57.9%
Geoffrey
56.2%
Gary
55.7%
Spencer
55.4%
Peter
52.8%
Lee
48.7%
Rod
46.9%
Roberto
43.7%
Art
43.6%
Charles
43%
Jean
35.4%
Lionel
32.1%
Rex
30.6%
José
30.1%
Ray
29.7%
Maximilian
27.8%
Cliff
21.3%
Fredric
18.4%
Wallace
16.5%
Emil
16.1%
Ronald
15.9%
Broderick
12.2%
Victor
10.1%
Warner
4.9%

You're not logged in!

Compare scores with friends on all Sporcle quizzes.
Join for Free
OR
Log In

You Might Also Like...

Show Comments

Extras

Top Quizzes Today


Score Distribution

Your Account Isn't Verified!

In order to create a playlist on Sporcle, you need to verify the email address you used during registration. Go to your Sporcle Settings to finish the process.

Report this User

Report this user for behavior that violates our Community Guidelines.

Details: